Statistics for U.S. States with I in their name

Click here to take the quiz!

General Stats

  • This quiz has been taken 49 times
    (24 since last reset)
  • The average score is 26 of 28

Answer Stats

# of I'sAnswer% Correct
1Florida
95%
2Indiana
95%
1Iowa
95%
1Maine
95%
2Michigan
95%
1Minnesota
95%
4Mississippi
95%
1Pennsylvania
95%
1Rhode Island
95%
1Washington
95%
3West Virginia
95%
2California
91%
1Connecticut
91%
1Georgia
91%
1Idaho
91%
3Illinois
91%
2Louisiana
91%
1New Mexico
91%
1North Carolina
91%
1Ohio
91%
1South Carolina
91%
3Virginia
91%
1Arizona
86%
2Hawaii
86%
2Missouri
86%
1Wyoming
86%
2Wisconsin
82%
1New Hampshire
77%

Score Distribution

Percentile by Number Answered

Percent of People with Each Score

Your Score History

You have not taken this quiz since the last reset